LEADER 01409nam2-2200397---450- 001 990000358980203316 035 $a0035898 035 $aUSA010035898 035 $a(ALEPH)000035898USA01 035 $a0035898 100 $a20010314d1977----km-y0itay0103----ba 101 $aita 102 $aIT 105 $a||||||||001yy 200 1 $a<> azienda e l'elaborazione automatica dei dati$a<> classificazione dei sistemi informativi e l'analisi dei loro componenti elementari$fGianfranco Biraghi, Renzo Orselli e sergio Papetti 210 $aMilano$cFranco Angeli$d1977 215 $a293 p.$d22 cm 225 2 $aInformatica EDP$v20.1 410 $12001$aInformatica EDP$v20.1 461 1$10010035897$12001$aManuale per analisti 676 $a001.61 700 1$aBIRAGHI,$bGianfranco$0535987 701 1$aORSELLI,$bRenzo$0543478 701 1$aPAPETTI,$bSergio$0543479 801 0$aIT$bsalbc$gISBD 912 $a990000358980203316 951 $a001.6 IEDP 20/1$b9200$c001.6$d00105155 959 $aBK 969 $aSCI 979 $aPATTY$b90$c20010314$lUSA01$h1456 979 $aPATTY$b90$c20010314$lUSA01$h1539 979 $c20020403$lUSA01$h1643 979 $aPATRY$b90$c20040406$lUSA01$h1625 996 $aClassificazione dei sistemi informativi e l'analisi dei loro componenti elementari$9876617 996 $aAzienda e l'elaborazione automatica dei dati$9876616 997 $aUNISA LEADER 02820nam 2200781 a 450 001 996247954903316 005 20221107220738.0 010 $a0-87169-114-0 024 7 $a2027/heb01035 035 $a(CKB)2590000000003597 035 $a(dli)HEB01035 035 $a(SSID)ssj0000670744 035 $a(PQKBManifestationID)11432468 035 $a(PQKBTitleCode)TC0000670744 035 $a(PQKBWorkID)10613181 035 $a(PQKB)10376409 035 $a(MiU)MIU01000000000000003602714 035 $a(EXLCZ)992590000000003597 100 $a20020522g19769999 uy 0 101 0 $aeng 135 $aurmnummmmuuuu 181 $ctxt 182 $cc 183 $acr 200 14$aThe Papacy and the Levant, 1204-1571 /$fKenneth M. Setton 210 $aPhiladelphia $cAmerican Philosophical Society$d1976- 215 $a1 online resource (4 v. ) 225 1 $aMemoirs of the American Philosophical Society ; v. 114$x0065-9738 300 $aBibliographic Level Mode of Issuance: Monograph 320 $aIncludes bibliographical references and index. 327 $gVol. 1.$tThe thirteenth and fourteenth centuries --$gVol. 2. The fifteenth century --$gVol. 3. The sixteenth century to the reign of Julius III --$gVol. 4. The sixteenth century from Julius III to Pius V. 410 0$aMemoirs of the American Philosophical Society ;$vv. 114. 410 0$aACLS Humanities E-Book. 517 $aPapacy and the Levant 531 $aTHE PAPACY AND THE LEVANT (1204-1571) VOLUME I 531 $aTHE PAPACY & THE LEVANT (1204-1571) VOLUME I: THE THIRTEENTH & FOURTEENTH CENTURIES 531 $aTHE PAPACY AND THE LEVANT (1204-1571) VOLUME I: THE THIRTEENTH & FOURTEENTH CENTURIES 531 $aTHE PAPACY AND THE LEVANT 531 $aPAPACY AND THE LEVANT (1204-1571) VOLUME I: THE THIRTEENTH AND FOURTEENTH CENTURIES 606 $aPapacy$xHistory 606 $aCrusades 606 $aPapacy$xHistory 606 $aCrusades 606 $aReligion$2HILCC 606 $aPhysical Sciences & Mathematics$2HILCC 606 $aPhilosophy & Religion$2HILCC 606 $aSciences - General$2HILCC 606 $aChristianity$2HILCC 607 $aMiddle East$xHistory 615 0$aPapacy$xHistory. 615 0$aCrusades. 615 0$aPapacy$xHistory 615 0$aCrusades 615 7$aReligion 615 7$aPhysical Sciences & Mathematics 615 7$aPhilosophy & Religion 615 7$aSciences - General 615 7$aChristianity 676 $a270.5 676 $a081 s 700 $aSetton$b Kenneth M$g(Kenneth Meyer),$f1914-1995.$0123309 712 02$aAmerican Council of Learned Societies. 801 0$bMiU 801 1$bMiU 906 $aBOOK 912 $a996247954903316 996 $aPapacy and the Levant (1204-1571$91156459 997 $aUNISA